| 000 | 01256pam a2200301 a 4500 | ||
|---|---|---|---|
| 001 | 2370033 | ||
| 003 | ARRUPE | ||
| 005 | 20151014114649.0 | ||
| 008 | 841226s1985 dcu b 001 0 eng | ||
| 010 | _a 84029171 | ||
| 020 |
_a0819145610 (alk. paper) : _c$26.50 |
||
| 020 |
_a0819145629 (pbk. : alk. paper) : _c$14.25 |
||
| 040 |
_aDLC _cDLC _dDLC |
||
| 050 | 0 | 0 |
_aB3279.H49 _bK625 1985 |
| 082 | 0 | 0 |
_a193 _219 |
| 100 | 1 |
_aKockelmans, Joseph J., _d1923- _919217 |
|
| 245 | 1 | 0 |
_aHeidegger and science / _cJoseph J. Kockelmans. |
| 260 |
_aWashington, D.C. : _bCenter for Advanced Research in Phenomenology : _bUniversity Press of America, _c1985. |
||
| 300 |
_axiii, 309 p. ; _c22 cm. |
||
| 440 | 0 |
_aCurrent continental research ; _v207 _920270 |
|
| 500 | _a"This book which developed out of a series of lectures on philosophy and natural science at Duquesne University in April of 1979 and a seminar on the philosophy of science at the Pennsylvania State University"--Pref. | ||
| 500 | _aIncludes index. | ||
| 504 | _aBibliography: p. 283-298. | ||
| 600 | 1 | 0 |
_aHeidegger, Martin, _d1889-1976. _920271 |
| 650 | 0 |
_aScience _xPhilosophy _xHistory _y20th century. _919052 |
|
| 906 |
_a7 _bcbc _corignew _d1 _eocip _f19 _gy-gencatlg |
||
| 942 |
_2lcc _cMONOGRAPH |
||
| 999 |
_c123512 _d123512 |
||